[Event "Arab-ch U16"]
[Site "Baghdad"]
[Date "2022.03.12"]
[Round "3"]
[White "Mohammed Al Sadik, Firas Qassim"]
[Black "Ajili, Rayen"]
[Result "0-1"]
[WhiteElo "1886"]
[BlackElo "1702"]
[PlyCount "146"]
[EventDate "2022.03.10"]
[EventType "swiss"]
[EventRounds "9"]
[EventCountry "IRQ"]
[SourceTitle "EXT 2023"]
[Source "ChessBase"]
[SourceDate "2022.10.05"]
[SourceVersion "1"]
[SourceVersionDate "2022.10.05"]
[SourceQuality "1"]

1. e4 c5 2. Nf3 d6 3. Bb5+ Nd7 4. Ba4 Ngf6 5. 0-0 g6 6. e5 dxe5 7. Nxe5 Bg7 8. d4 cxd4 9. Qxd4 0-0 10. Rd1 Qa5 11. Nxd7 Nxd7 12. Qh4 Bf6 13. Qf4 e5 14. Qe4 Nc5 15. Qf3 Bg7 16. Bb3 Nxb3 17. cxb3 Qb4 18. h3 Be6 19. Bd2 Qe7 20. Bc3 Rad8 21. Nd2 Bd5 22. Qe3 b6 23. Nc4 f6 24. a3 Qe6 25. Bb4 Rf7 26. Rd2 Rfd7 27. Rad1 Qc6 28. h4 Be6 29. h5 Rxd2 30. Rxd2 Rxd2 31. Qxd2 Qd5 32. Qxd5 Bxd5 33. hxg6 hxg6 34. Nd6 Be6 35. Bd2 Bf8 36. Nb5 a6 37. Nc7 Bc8 38. Nd5 Be6 39. Nxb6 Bxb3 40. Nd7 Be7 41. Nb8 Bc4 42. Nc6 Bc5 43. b4 Bb6 44. Be3 Bc7 45. Bc5 Kf7 46. f3 Ke6 47. Kf2 Bd6 48. Nd8+ Kd5 49. Bxd6 Kxd6 50. Nb7+ Kd5 51. Ke3 Bb5 52. Nc5 f5 53. g3 a5 54. Nd3 axb4 55. Nxb4+ Kc4 56. Nd3 Kd5 57. f4 Bxd3 58. Kxd3 e4+ 59. Kc3 Kc5 60. a4 Kb6 61. Kb4 Ka6 62. Kc3 Kb7 63. Kb3 Ka8 64. Kc4 Kb8 65. Kd4 Kb7 66. Kc4 Kc7 67. Kd4 Kb7 68. Kc4 Ka7 69. Kb4 Ka6 70. Kc4 Ka5 71. Kb3 Kb6 72. Kb4 Ka7 73. Kc4 Ka8 0-1

[Event "Arab-ch U16"]
[Site "Baghdad"]
[Date "2022.03.10"]
[Round "1"]
[White "Alhassadi, Yousef A"]
[Black "Ajili, Rayen"]
[Result "1-0"]
[WhiteElo "1989"]
[BlackElo "1702"]
[PlyCount "47"]
[EventDate "2022.03.10"]
[EventType "swiss"]
[EventRounds "9"]
[EventCountry "IRQ"]
[SourceTitle "EXT 2023"]
[Source "ChessBase"]
[SourceDate "2022.10.05"]
[SourceVersion "1"]
[SourceVersionDate "2022.10.05"]
[SourceQuality "1"]

1. e4 c5 2. Nf3 d6 3. d4 cxd4 4. Nxd4 Nf6 5. Nc3 a6 6. Bg5 e6 7. f4 Be7 8. Qf3 Qc7 9. 0-0-0 Nbd7 10. Qg3 b5 11. Bxb5 axb5 12. Ndxb5 Qc5 13. e5 dxe5 14. fxe5 Nh5 15. Qh4 Bxg5+ 16. Qxg5 g6 17. Nd6+ Kf8 18. Rhf1 f6 19. Qh6+ Ke7 20. exf6+ Ndxf6 21. Rxf6 Qb4 22. Rf7+ Kd8 23. Qg5+ Nf6 24. Qxf6# 1-0

[Event "TUN-ch U16"]
[Site "Monastir"]
[Date "2021.09.02"]
[Round "3"]
[White "Ajili, Rayen"]
[Black "Zenaidi, Sadok"]
[Result "1-0"]
[WhiteElo "1514"]
[BlackElo "1257"]
[PlyCount "52"]
[EventDate "2021.09.01"]
[EventType "swiss"]
[EventRounds "9"]
[EventCountry "TUN"]
[SourceTitle "EXT 2023"]
[Source "ChessBase"]
[SourceDate "2022.10.05"]
[SourceVersion "1"]
[SourceVersionDate "2022.10.05"]
[SourceQuality "1"]

1. e4 c5 2. Nf3 d6 3. d4 cxd4 4. Nxd4 Nf6 5. Nc3 g6 6. Be3 Bg7 7. f3 0-0 8. Qd2 Nc6 9. g4 Nxd4 10. Bxd4 a6 11. 0-0-0 Be6 12. Kb1 b5 13. Rg1 b4 14. Nd5 a5 15. Nxf6+ exf6 16. g5 Qe7 17. Be2 fxg5 18. Bxg7 Kxg7 19. Rxg5 h6 20. Rb5 Rfd8 21. f4 Bd7 22. Rb6 Ba4 23. b3 Be8 24. Rxd6 Rxd6 25. Qd3 Rd4 26. Qxd4+ Qf6 1-0

[Event "Bouhjar BICA Blitz op 04"]
[Site "Bouhjar"]
[Date "2021.04.04"]
[Round "8"]
[White "Ajili, Rayen"]
[Black "Cheikh Mhamed, Kamel"]
[Result "0-1"]
[WhiteElo "1514"]
[BlackElo "2123"]
[PlyCount "83"]
[EventDate "2021.04.04"]
[EventType "swiss (blitz)"]
[EventRounds "9"]
[EventCountry "TUN"]
[SourceTitle "CBM 201 Extra"]
[Source "ChessBase"]
[SourceDate "2021.05.31"]
[SourceVersion "1"]
[SourceVersionDate "2021.05.31"]
[SourceQuality "1"]

1. e4 d6 2. d4 Nf6 3. Nc3 c6 4. Bf4 Nbd7 5. Nf3 Nh5 6. Bg3 Nxg3 7. hxg3 e5 8. Bc4 Be7 9. dxe5 dxe5 10. Qd2 b5 11. Bd3 Bb4 12. a3 Be7 13. 0-0 0-0 14. Rad1 Qc7 15. Ne2 a6 16. c4 Nc5 17. Qc3 Ne6 18. Nxe5 Bf6 19. f4 Bxe5 20. fxe5 Qe7 21. Nf4 Qg5 22. Be2 Rb8 23. c5 Qe7 24. b4 a5 25. Rd6 axb4 26. axb4 Ng5 27. Bf3 f6 28. exf6 Rxf6 29. Rfd1 Nxe4 30. Bxe4 Qxe4 31. Rd8+ Rf8 32. Qb3+ Qc4 33. Qxc4+ bxc4 34. Rxf8+ Kxf8 35. Rd6 Ke7 36. Rxc6 Bg4 37. Nd5+ Kf7 38. Rc7+ Kg6 39. Nb6 c3 40. Nd5 c2 41. Ne3 c1Q+ 42. Kh2 0-1